Normal view MARC view
  • MSc in CE

Entry Topical Term

Number of records used in: 1

001 - CONTROL NUMBER

  • control field: 48538

003 - CONTROL NUMBER IDENTIFIER

  • control field: NUST

005 - DATE AND TIME OF LATEST TRANSACTION

  • control field: 20210314134052.0

008 - FIXED-LENGTH DATA ELEMENTS

  • fixed length control field: 210314|| aca||aabn | a|a d

040 ## - CATALOGING SOURCE

  • Original cataloging agency: NUST
  • Transcribing agency: NUST

150 ## - HEADING--TOPICAL TERM

  • Topical term or geographic name entry element: MSc in CE

670 ## - SOURCE DATA FOUND

  • Source citation: Work cat.: (NUST): Anjum Saeed. 48537, Evaluation asphalt cement temperature susceptibility with /with out using selected additives/polymer at different temperature using 40/50 and 60/70 grade asphalt cement. , 6th May 2003.
© 2023 Central Library, National University of Sciences and Technology. All Rights Reserved.